00533nam a2200169Ia 450000500170000000800410001708200130005824500760007126000320014730000120017965000140019165000220020570000200022794200060024795200950025399900150034820240806014622.0240331s9999 xx 000 0 und d bASSa378 0aAssault on reason :bresources against the communalisation of education aNew DelhibSfi Publications a69 p ., aPolitical a Indian Education aLahiri,S. eedt cL 001040708LaWERCLbWERCLcSSCd2024-03-31l0o 378 ASSp4729r2024-03-31w2024-03-31yL c2969d2969